000 00327nam a2200145Ia 4500
008 230718s9999 xx 000 0 und d
041 _aEng.
082 _a780
_bOWN-C
100 _aownes. Dauid
245 0 _aCerys Catatnia
260 _aPakistan
_bDefoed anally fears
_c2000
300 _a267
650 _aLaw
999 _c26808
_d26808